TALKHIS AHKAM AL-JANA'IZ = (Record no. 198388)
[ view plain ]
| 000 -LEADER | |
|---|---|
| fixed length control field | 01793nam a22004451i 4500 |
| 001 - CONTROL NUMBER | |
| control field | vtls000966732 |
| 003 - CONTROL NUMBER IDENTIFIER | |
| control field | PNM |
| 005 - DATE AND TIME OF LATEST TRANSACTION | |
| control field | 20250119155102.0 |
| 008 - FIXED-LENGTH DATA ELEMENTS--GENERAL INFORMATION | |
| fixed length control field | 220721s2022 my er 000 0 may |
| 015 ## - NATIONAL BIBLIOGRAPHY NUMBER | |
| National bibliography number | M22-11374 |
| 020 ## - INTERNATIONAL STANDARD BOOK NUMBER | |
| International Standard Book Number | 9789672910121 |
| Qualifying information | paperback |
| Terms of availability | RM37.00 |
| 039 #9 - LEVEL OF BIBLIOGRAPHIC CONTROL AND CODING DETAIL [OBSOLETE] | |
| Level of rules in bibliographic description | 202303071127 |
| Level of effort used to assign nonsubject heading access points | zulkeply_t |
| 040 ## - CATALOGING SOURCE | |
| Original cataloging agency | BNM |
| Language of cataloging | eng |
| Transcribing agency | BNM |
| Modifying agency | PPAK |
| Description conventions | rda |
| 041 1# - LANGUAGE CODE | |
| Language code of text/sound track or separate title | may |
| Language code of original | ara |
| 049 ## - LOCAL HOLDINGS (OCLC) | |
| Holding library | mal |
| 082 04 - DEWEY DECIMAL CLASSIFICATION NUMBER | |
| Edition number | 23 |
| Classification number | 297.385 |
| 090 00 - LOCALLY ASSIGNED LC-TYPE CALL NUMBER (OCLC); LOCAL CALL NUMBER (RLIN) | |
| Classification number (OCLC) (R) ; Classification number, CALL (RLIN) (NR) | 297.385 |
| Feature heading | ALB |
| Feature heading | G |
| 100 0# - MAIN ENTRY--PERSONAL NAME | |
| Personal name | Al-Albani, Muhammad Nasir al-Din, |
| Titles and words associated with a name | Shaykh, |
| Relator term | author. |
| 245 10 - TITLE STATEMENT | |
| Linkage | 880-01 |
| Title | TALKHIS AHKAM AL-JANA'IZ = |
| Remainder of title | Ringkasan Hukum-Hakam Berkaitan JENAZAH / |
| Statement of responsibility, etc. | SHAYKH MUHAMMAD NASIR AL-DIN AL-ALBANI ; Penterjemah: Abu Husna Azzahari bin Murad ; Penyunting: Muhammad Syakir Kamal & Abdullah Izzat Tengku Sidek ; Penyunting Bahasa Melayu: Ahmad Sabri Jinlapudin |
| 246 33 - VARYING FORM OF TITLE | |
| Title proper/short title | Ringkasan hukum-hakam berkaitan jenazah : |
| Remainder of title | Talkhis ahkam al-jana'iz |
| 264 #1 - PRODUCTION, PUBLICATION, DISTRIBUTION, MANUFACTURE, AND COPYRIGHT NOTICE | |
| Place of production, publication, distribution, manufacture | Serendah, Selangor : |
| Name of producer, publisher, distributor, manufacturer | Karya PiS Sdn. Bhd., |
| Date of production, publication, distribution, manufacture, or copyright notice | 2022 |
| 300 ## - PHYSICAL DESCRIPTION | |
| Extent | 372 pages ; |
| Dimensions | 22 cm |
| 336 ## - CONTENT TYPE | |
| Content type term | text |
| Source | rdacontent |
| 337 ## - MEDIA TYPE | |
| Media type term | unmediated |
| Source | rdamedia |
| 338 ## - CARRIER TYPE | |
| Carrier type term | volume |
| Source | rdacarrier |
| 500 ## - GENERAL NOTE | |
| General note | Contains verses from the Qur'an and quotes from the Hadith |
| 504 ## - BIBLIOGRAPHY, ETC. NOTE | |
| Bibliography, etc. note | Bibliography: pages 368-372 |
| 546 ## - LANGUAGE NOTE | |
| Language note | Translated from Arabic |
| 650 10 - SUBJECT ADDED ENTRY--TOPICAL TERM | |
| Topical term or geographic name entry element | Death |
| General subdivision | Religious aspects |
| -- | Islam |
| Topical term or geographic name entry element | Dead |
| General subdivision | Religious aspects |
| -- | Islam |
| Topical term or geographic name entry element | Islamic funeral rites and ceremonies |
| Topical term or geographic name entry element | Islam |
| General subdivision | Rituals |
| Topical term or geographic name entry element | Islam |
| General subdivision | Customs and practices |
| 700 0# - ADDED ENTRY--PERSONAL NAME | |
| Personal name | Abu Husna Azzahari bin Murad, |
| Relator term | editor. |
| Personal name | Muhammad Syakir Kamal, |
| Relator term | editor. |
| Personal name | Abdullah Izzat Tengku Sidek, |
| Relator term | editor. |
| Personal name | Ahmad Sabri Jinlapudin, |
| Relator term | editor. |
| 880 10 - ALTERNATE GRAPHIC REPRESENTATION | |
| Linkage | 245-01/(3/r |
| a | تلخص احكام الجنائز |
| 942 ## - ADDED ENTRY ELEMENTS (KOHA) | |
| Source of classification or shelving scheme | Dewey Decimal Classification |
| Koha item type | Book |
| Withdrawn | Not for loan | Current library | Shelving location | Date acquired | Total Checkouts | Full call number | Barcode | Date last seen | Date last checked out | Koha item type |
|---|---|---|---|---|---|---|---|---|---|---|
| Perpustakaan Alor Setar | Pinjaman Dewasa | 19/01/2025 | 2 | 297.385 ALB | A01856523 | 26/07/2025 | 06/07/2025 | Book | ||
| Perpustakaan Awam Sungai Petani | Pinjaman Dewasa | 19/01/2025 | 297.385 ALB | A01856524 | 19/01/2025 | Book | ||||
| Perpustakaan Baling | Pinjaman Dewasa | 19/01/2025 | 297.385 ALB | A01856527 | 19/01/2025 | Book | ||||
| Perpustakaan Bandar Baharu | Pinjaman Dewasa | 19/01/2025 | 297.385 ALB | A01856528 | 19/01/2025 | Book | ||||
| Perpustakaan Jitra | Pinjaman Dewasa | 19/01/2025 | 297.385 ALB | A01856525 | 19/01/2025 | Book | ||||
| Perpustakaan Kulim | Pinjaman Dewasa | 19/01/2025 | 297.385 ALB | A01856526 | 19/01/2025 | Book | ||||
| Perpustakaan Merbok | Pinjaman Dewasa | 19/01/2025 | 297.385 ALB | A01856529 | 19/01/2025 | Book |